000 01149njm a22003137a 4500
005 20100916142212.0
007 sd ammalaaahaa
008 100913t xxu||||| |||| 00| 0 hin d
028 _aPEALP 2016
_bEMI
035 _aGR-02864
040 _aSED
_cSED
100 _aKishore Kumar
_91184
245 _aMuqaddar sikandar /
_cby Kishore Kumar...[et.al] ; music by Kalyanji [and] Anandji ; lyrics by Anjaan
_h[sound recording] :
246 _aमुक़द्दर सिकंदर
260 _aDum Dum India
_bEMI
_c1978
300 _a1 sound disc [Gramophone record] :
_banalog, 33 1/3 rpm
_c12.5 in. (LP)
_fGramophone Record
440 _920306
500 _aBrief Record
500 _aRecord label :EMI, Red
505 _aSide-1 (Rote hue aate hai sab) (Kishore Kumar) Side-२ (Pyar zindagi hai) (Lata Mangeshkar)
600 _aKishore Kumar
_919992
650 _aHindi Film songs
_xExcerpts
_zIndia
_919603
650 _920294
700 _920288
_aAnandji
700 _aKalyanji
_920347
700 _920295
_aAnjaan
942 _2ddc
_cGR
999 _c46201
_d46201